<?xml version="1.0" encoding="UTF-8"?><marc:collection xmlns:marc="http://www.loc.gov/MARC21/slim">
  <marc:record>
    <marc:leader>03221cam a2200565 c 4500</marc:leader>
    <marc:controlfield tag="001">635920433</marc:controlfield>
    <marc:controlfield tag="003">DE-627</marc:controlfield>
    <marc:controlfield tag="005">20250217021335.0</marc:controlfield>
    <marc:controlfield tag="007">cr uuu---uuuuu</marc:controlfield>
    <marc:controlfield tag="008">100930s2010    gw |||||o     00| ||ger c</marc:controlfield>
    <marc:datafield tag="035" ind1=" " ind2=" ">
      <marc:subfield code="a">(DE-627)635920433</marc:subfield>
    </marc:datafield>
    <marc:datafield tag="035" ind1=" " ind2=" ">
      <marc:subfield code="a">(DE-576)9635920431</marc:subfield>
    </marc:datafield>
    <marc:datafield tag="035" ind1=" " ind2=" ">
      <marc:subfield code="a">(DE-599)GBV635920433</marc:subfield>
    </marc:datafield>
    <marc:datafield tag="035" ind1=" " ind2=" ">
      <marc:subfield code="a">(OCoLC)846016633</marc:subfield>
    </marc:datafield>
    <marc:datafield tag="040" ind1=" " ind2=" ">
      <marc:subfield code="a">DE-627</marc:subfield>
      <marc:subfield code="b">ger</marc:subfield>
      <marc:subfield code="c">DE-627</marc:subfield>
      <marc:subfield code="e">rakwb</marc:subfield>
    </marc:datafield>
    <marc:datafield tag="041" ind1=" " ind2=" ">
      <marc:subfield code="a">ger</marc:subfield>
    </marc:datafield>
    <marc:datafield tag="044" ind1=" " ind2=" ">
      <marc:subfield code="c">XA-DE</marc:subfield>
    </marc:datafield>
    <marc:datafield tag="084" ind1=" " ind2=" ">
      <marc:subfield code="a">XE 5600</marc:subfield>
      <marc:subfield code="q">SEPA</marc:subfield>
      <marc:subfield code="2">rvk</marc:subfield>
      <marc:subfield code="0">(DE-625)rvk/152647:12905</marc:subfield>
    </marc:datafield>
    <marc:datafield tag="084" ind1=" " ind2=" ">
      <marc:subfield code="a">88.19</marc:subfield>
      <marc:subfield code="2">bkl</marc:subfield>
    </marc:datafield>
    <marc:datafield tag="084" ind1=" " ind2=" ">
      <marc:subfield code="a">44.80</marc:subfield>
      <marc:subfield code="2">bkl</marc:subfield>
    </marc:datafield>
    <marc:datafield tag="084" ind1=" " ind2=" ">
      <marc:subfield code="a">43.50</marc:subfield>
      <marc:subfield code="2">bkl</marc:subfield>
    </marc:datafield>
    <marc:datafield tag="084" ind1=" " ind2=" ">
      <marc:subfield code="a">43.11</marc:subfield>
      <marc:subfield code="2">bkl</marc:subfield>
    </marc:datafield>
    <marc:datafield tag="245" ind1="0" ind2="0">
      <marc:subfield code="a">Empfehlungen für die Probenahme zur Gefahrenabwehr im Bevölkerungsschutz</marc:subfield>
      <marc:subfield code="b">zur Analytik von chemischen, biologischen und radioaktiven Kontaminationen</marc:subfield>
      <marc:subfield code="c">Bundesamt für Bevölkerungsschutz und Katastrophenhilfe. Udo Bachmann ...</marc:subfield>
    </marc:datafield>
    <marc:datafield tag="250" ind1=" " ind2=" ">
      <marc:subfield code="a">2. Auflage</marc:subfield>
    </marc:datafield>
    <marc:datafield tag="264" ind1=" " ind2="1">
      <marc:subfield code="a">Bonn</marc:subfield>
      <marc:subfield code="c">2010</marc:subfield>
    </marc:datafield>
    <marc:datafield tag="300" ind1=" " ind2=" ">
      <marc:subfield code="a">Online-Ressource (PDF-Datei: 182 Seiten)</marc:subfield>
    </marc:datafield>
    <marc:datafield tag="336" ind1=" " ind2=" ">
      <marc:subfield code="a">Text</marc:subfield>
      <marc:subfield code="b">txt</marc:subfield>
      <marc:subfield code="2">rdacontent</marc:subfield>
    </marc:datafield>
    <marc:datafield tag="337" ind1=" " ind2=" ">
      <marc:subfield code="a">Computermedien</marc:subfield>
      <marc:subfield code="b">c</marc:subfield>
      <marc:subfield code="2">rdamedia</marc:subfield>
    </marc:datafield>
    <marc:datafield tag="338" ind1=" " ind2=" ">
      <marc:subfield code="a">Online-Ressource</marc:subfield>
      <marc:subfield code="b">cr</marc:subfield>
      <marc:subfield code="2">rdacarrier</marc:subfield>
    </marc:datafield>
    <marc:datafield tag="490" ind1="1" ind2=" ">
      <marc:subfield code="a">Forschung im Bevölkerungsschutz</marc:subfield>
      <marc:subfield code="v">5</marc:subfield>
    </marc:datafield>
    <marc:datafield tag="500" ind1=" " ind2=" ">
      <marc:subfield code="a">Literaturverzeichnis: Seiten 129-131</marc:subfield>
    </marc:datafield>
    <marc:datafield tag="689" ind1="0" ind2="0">
      <marc:subfield code="D">g</marc:subfield>
      <marc:subfield code="0">(DE-588)4011882-4</marc:subfield>
      <marc:subfield code="0">(DE-627)104704861</marc:subfield>
      <marc:subfield code="0">(DE-576)208896155</marc:subfield>
      <marc:subfield code="a">Deutschland</marc:subfield>
      <marc:subfield code="2">gnd</marc:subfield>
    </marc:datafield>
    <marc:datafield tag="689" ind1="0" ind2="1">
      <marc:subfield code="D">s</marc:subfield>
      <marc:subfield code="0">(DE-588)4029932-6</marc:subfield>
      <marc:subfield code="0">(DE-627)104675233</marc:subfield>
      <marc:subfield code="0">(DE-576)208984917</marc:subfield>
      <marc:subfield code="a">Katastrophenschutz</marc:subfield>
      <marc:subfield code="2">gnd</marc:subfield>
    </marc:datafield>
    <marc:datafield tag="689" ind1="0" ind2=" ">
      <marc:subfield code="5">(DE-627)</marc:subfield>
    </marc:datafield>
    <marc:datafield tag="700" ind1="1" ind2=" ">
      <marc:subfield code="8">1\p</marc:subfield>
      <marc:subfield code="a">Bachmann, Udo</marc:subfield>
      <marc:subfield code="0">(DE-588)18946237X</marc:subfield>
      <marc:subfield code="0">(DE-627)699476909</marc:subfield>
      <marc:subfield code="0">(DE-576)354339796</marc:subfield>
      <marc:subfield code="4">oth</marc:subfield>
    </marc:datafield>
    <marc:datafield tag="710" ind1="2" ind2=" ">
      <marc:subfield code="a">Deutschland</marc:subfield>
      <marc:subfield code="b">Bundesamt für Bevölkerungsschutz und Katastrophenhilfe</marc:subfield>
      <marc:subfield code="0">(DE-588)10081295-8</marc:subfield>
      <marc:subfield code="0">(DE-627)390344257</marc:subfield>
      <marc:subfield code="0">(DE-576)199897999</marc:subfield>
      <marc:subfield code="4">oth</marc:subfield>
    </marc:datafield>
    <marc:datafield tag="776" ind1="1" ind2=" ">
      <marc:subfield code="z">9783939347156</marc:subfield>
    </marc:datafield>
    <marc:datafield tag="776" ind1="0" ind2="8">
      <marc:subfield code="i">Erscheint auch als</marc:subfield>
      <marc:subfield code="n">Druck-Ausgabe</marc:subfield>
      <marc:subfield code="t">Empfehlungen für die Probenahme zur Gefahrenabwehr im Bevölkerungsschutz</marc:subfield>
      <marc:subfield code="d">Bonn : Bundesamt für Bevölkerungsschutz u. Katastrophenhilfe, 2010</marc:subfield>
      <marc:subfield code="h">180 S.</marc:subfield>
      <marc:subfield code="w">(DE-627)635570548</marc:subfield>
      <marc:subfield code="w">(DE-576)330855913</marc:subfield>
      <marc:subfield code="z">9783939347156</marc:subfield>
    </marc:datafield>
    <marc:datafield tag="830" ind1=" " ind2="0">
      <marc:subfield code="a">Forschung im Bevölkerungsschutz</marc:subfield>
      <marc:subfield code="v">5</marc:subfield>
      <marc:subfield code="9">5</marc:subfield>
      <marc:subfield code="w">(DE-627)635624850</marc:subfield>
      <marc:subfield code="w">(DE-576)330693891</marc:subfield>
      <marc:subfield code="w">(DE-600)2574787-3</marc:subfield>
      <marc:subfield code="7">am</marc:subfield>
    </marc:datafield>
    <marc:datafield tag="856" ind1="4" ind2="0">
      <marc:subfield code="u">http://www.bbk.bund.de/SharedDocs/Downloads/BBK/DE/Publikationen/PublikationenForschung/FiB_Band5.html</marc:subfield>
      <marc:subfield code="x">Verlag</marc:subfield>
      <marc:subfield code="z">kostenfrei</marc:subfield>
      <marc:subfield code="3">Volltext</marc:subfield>
    </marc:datafield>
    <marc:datafield tag="883" ind1=" " ind2=" ">
      <marc:subfield code="8">1\p</marc:subfield>
      <marc:subfield code="a">cgwrk</marc:subfield>
      <marc:subfield code="d">20241001</marc:subfield>
      <marc:subfield code="q">DE-101</marc:subfield>
      <marc:subfield code="u">https://d-nb.info/provenance/plan#cgwrk</marc:subfield>
    </marc:datafield>
    <marc:datafield tag="924" ind1="1" ind2=" ">
      <marc:subfield code="a">1765348595</marc:subfield>
      <marc:subfield code="b">DE-84</marc:subfield>
      <marc:subfield code="9">84</marc:subfield>
      <marc:subfield code="c">GBV</marc:subfield>
      <marc:subfield code="d">d</marc:subfield>
      <marc:subfield code="k">http://www.bbk.bund.de/SharedDocs/Downloads/BBK/DE/Publikationen/PublikationenForschung/FiB_Band5.html</marc:subfield>
    </marc:datafield>
    <marc:datafield tag="924" ind1="1" ind2=" ">
      <marc:subfield code="a">1184875936</marc:subfield>
      <marc:subfield code="b">DE-46</marc:subfield>
      <marc:subfield code="9">46</marc:subfield>
      <marc:subfield code="c">GBV</marc:subfield>
      <marc:subfield code="d">d</marc:subfield>
      <marc:subfield code="k">http://www.bbk.bund.de/SharedDocs/Downloads/BBK/DE/Publikationen/PublikationenForschung/FiB_Band5.html</marc:subfield>
    </marc:datafield>
    <marc:datafield tag="924" ind1="1" ind2=" ">
      <marc:subfield code="a">3472288728</marc:subfield>
      <marc:subfield code="b">LFER</marc:subfield>
      <marc:subfield code="9">LFER</marc:subfield>
      <marc:subfield code="c">BSZ</marc:subfield>
      <marc:subfield code="d">d</marc:subfield>
      <marc:subfield code="k">http://www.bbk.bund.de/SharedDocs/Downloads/BBK/DE/Publikationen/PublikationenForschung/FiB_Band5.html</marc:subfield>
    </marc:datafield>
    <marc:datafield tag="936" ind1="r" ind2="v">
      <marc:subfield code="a">XE 5600</marc:subfield>
      <marc:subfield code="b">Allgemeines</marc:subfield>
      <marc:subfield code="k">Medizin</marc:subfield>
      <marc:subfield code="k">Hygiene</marc:subfield>
      <marc:subfield code="k">Gesundheitsfürsorge insgesamt</marc:subfield>
      <marc:subfield code="k">Militärhygiene, Militärmedizin, Katastrophenmedizin</marc:subfield>
      <marc:subfield code="k">Allgemeines</marc:subfield>
      <marc:subfield code="0">(DE-627)1270743023</marc:subfield>
      <marc:subfield code="0">(DE-625)rvk/152647:12905</marc:subfield>
      <marc:subfield code="0">(DE-576)200743023</marc:subfield>
    </marc:datafield>
    <marc:datafield tag="936" ind1="b" ind2="k">
      <marc:subfield code="a">88.19</marc:subfield>
      <marc:subfield code="j">Öffentliche Verwaltung: Sonstiges</marc:subfield>
      <marc:subfield code="0">(DE-627)106413791</marc:subfield>
    </marc:datafield>
    <marc:datafield tag="936" ind1="b" ind2="k">
      <marc:subfield code="a">44.80</marc:subfield>
      <marc:subfield code="j">Unfallmedizin</marc:subfield>
      <marc:subfield code="j">Notfallmedizin</marc:subfield>
      <marc:subfield code="0">(DE-627)106409794</marc:subfield>
    </marc:datafield>
    <marc:datafield tag="936" ind1="b" ind2="k">
      <marc:subfield code="a">43.50</marc:subfield>
      <marc:subfield code="j">Umweltbelastungen</marc:subfield>
      <marc:subfield code="0">(DE-627)106416782</marc:subfield>
    </marc:datafield>
    <marc:datafield tag="936" ind1="b" ind2="k">
      <marc:subfield code="a">43.11</marc:subfield>
      <marc:subfield code="j">Umweltüberwachung</marc:subfield>
      <marc:subfield code="0">(DE-627)106408283</marc:subfield>
    </marc:datafield>
    <marc:datafield tag="951" ind1=" " ind2=" ">
      <marc:subfield code="a">BO</marc:subfield>
    </marc:datafield>
  </marc:record>
</marc:collection>
